Online katalóg knižníc regiónu Turca

Privolávač anjelov (Record no. 22316)

MARC details
000 -LEADER
fixed length control field 01544cam a2200505 a 4500
001 - CONTROL NUMBER
control field 22316
003 - CONTROL NUMBER IDENTIFIER
control field VRT
005 - DATE AND TIME OF LATEST TRANSACTION
control field 20260326103552.0
008 - FIXED-LENGTH DATA ELEMENTS--GENERAL INFORMATION
fixed length control field 130503s2013 xo g 000 j slo d
015 ## - NATIONAL BIBLIOGRAPHY NUMBER
National bibliography number SNBA2013/04
020 ## - INTERNATIONAL STANDARD BOOK NUMBER
International Standard Book Number 9788055133829 (brož.)
035 ## - SYSTEM CONTROL NUMBER
System control number a000476175
039 #9 - LEVEL OF BIBLIOGRAPHIC CONTROL AND CODING DETAIL [OBSOLETE]
Level of rules in bibliographic description 202303241359
Level of effort used to assign nonsubject heading access points izakovicm
Level of effort used to assign subject headings 201306250944
Level of effort used to assign classification zima
Level of effort used to assign subject headings 201306130826
Level of effort used to assign classification kucmanj
Level of effort used to assign subject headings 201305031327
Level of effort used to assign classification viera
040 ## - CATALOGING SOURCE
Original cataloging agency SVKBB
Language of cataloging slo
Transcribing agency UKB
Modifying agency SNK
Description conventions AACR2
041 1# - LANGUAGE CODE
Language code of text/sound track or separate title slo
Language code of original eng
044 ## - COUNTRY OF PUBLISHING/PRODUCING ENTITY CODE
MARC country code xo
ISO country code SK
072 #7 - SUBJECT CATEGORY CODE
Subject category code 133
Subject category code subdivision Ezoterizmus. Okultizmus
Source konspekt
080 ## - UNIVERSAL DECIMAL CLASSIFICATION NUMBER
Universal Decimal Classification number 2-167.2
Edition identifier 2001
080 ## - UNIVERSAL DECIMAL CLASSIFICATION NUMBER
Universal Decimal Classification number 2-167
Edition identifier 2001
080 ## - UNIVERSAL DECIMAL CLASSIFICATION NUMBER
Universal Decimal Classification number 133.9
Edition identifier 2001
080 ## - UNIVERSAL DECIMAL CLASSIFICATION NUMBER
Universal Decimal Classification number (0:82-94)
Edition identifier 2001
100 1# - MAIN ENTRY--PERSONAL NAME
Personal name Gray, Kyle
240 14 - UNIFORM TITLE
Uniform title The angels whisperer.
Language of a work Slovensky
245 10 - TITLE STATEMENT
Title Privolávač anjelov
Remainder of title [neuveriteľné príbehy nádeje a lásky sprostredkované anjelmi]
Statement of responsibility, etc. Kyle Gray ; [z anglického originálu preložila Elvíra Haugová]
260 ## - PUBLICATION, DISTRIBUTION, ETC.
Place of publication, distribution, etc. Bratislava
Name of publisher, distributor, etc. Ikar
Date of publication, distribution, etc. 2013
300 ## - PHYSICAL DESCRIPTION
Extent 207 s.
650 07 - SUBJECT ADDED ENTRY--TOPICAL TERM
Topical term or geographic name entry element anjeli
Source of heading or term UKBPH
650 07 - SUBJECT ADDED ENTRY--TOPICAL TERM
Topical term or geographic name entry element duchovia
Source of heading or term UKBPH
650 07 - SUBJECT ADDED ENTRY--TOPICAL TERM
Topical term or geographic name entry element špiritizmus
Source of heading or term UKBPH
653 ## - INDEX TERM--UNCONTROLLED
Uncontrolled term 2-167.2
653 ## - INDEX TERM--UNCONTROLLED
Uncontrolled term 2-167
653 ## - INDEX TERM--UNCONTROLLED
Uncontrolled term 133.9
653 ## - INDEX TERM--UNCONTROLLED
Uncontrolled term (0.82-94)
655 #7 - INDEX TERM--GENRE/FORM
Genre/form data or focus term autobiografické spomienky
Source of term UKBPH
700 1# - ADDED ENTRY--PERSONAL NAME
Personal name Haugová, Elvíra
Relationship trl
910 ## - USER-OPTION DATA (OCLC)
User-option data svkbb
910 ## - USER-OPTION DATA (OCLC)
User-option data sllk
910 ## - USER-OPTION DATA (OCLC)
User-option data snk
910 ## - USER-OPTION DATA (OCLC)
User-option data skpk
910 ## - USER-OPTION DATA (OCLC)
User-option data ukb
942 ## - ADDED ENTRY ELEMENTS (KOHA)
Source of classification or shelving scheme Dewey Decimal Classification
Koha item type Krásna literatúra pre dospelých
Suppress in OPAC No
949 ## - LOCAL PROCESSING INFORMATION (OCLC)
6 1800577035
a SL.D.91578
b PV.5455-2013
949 ## - LOCAL PROCESSING INFORMATION (OCLC)
6 1800577036
a SK.D.59366
b PV.5456-2013
s 6707:20130626
Holdings
Stav vyradenia Strata Poškodenie Spôsob nadobudnutia Domovská knižnica Aktuálna knižnica Dátum nadobudnutia Total checkouts Čiarový kód exemplára Date last seen Typ exemplára
      Dar Obecná knižnica Belá-Dulice Obecná knižnica Belá-Dulice 26.03.2026   4735903385 26.03.2026 Krásna literatúra pre dospelých
Projekt je podporený Slovenskou asociáciou knižníc
Prevádzkuje Turčianska knižnica Martin 2026